MARC details
| 000 -CABECERA |
| campo de control de longitud fija |
01005nam a2200253 a 4500 |
| 001 - NÚMERO DE CONTROL |
| campo de control |
000034869 |
| 005 - FECHA Y HORA DE LA ÚLTIMA TRANSACCIÓN |
| campo de control |
20251112115145.0 |
| 008 - DATOS DE LONGITUD FIJA--INFORMACIÓN GENERAL |
| campo de control de longitud fija |
111020s1986 cu ab 000 0 spa d |
| 040 ## - FUENTE DE LA CATALOGACIÓN |
| Centro catalogador/agencia de origen |
DO-SdBNP |
| Lengua de catalogación |
spa |
| Centro/agencia transcriptor |
BNPHU |
| 082 ## - NÚMERO DE LA CLASIFICACIÓN DECIMAL DEWEY |
| Número de clasificación |
985 |
| Número de documento/Ítem |
F634b |
| 100 1# - ENTRADA PRINCIPAL--NOMBRE DE PERSONA |
| Nombre de persona |
Flores Galindo, Alberto |
| 9 (RLIN) |
45899 |
| 245 10 - MENCIÓN DE TÍTULO |
| Título |
Buscando un inca : |
| Resto del título |
identidad y utopia en los andes / |
| Mención de responsabilidad, etc. |
Alberto Flores Galindo ; edición César Ramos. |
| 260 ## - PUBLICACIÓN, DISTRIBUCIÓN, ETC. |
| Lugar de publicación, distribución, etc. |
La Habana, : |
| Nombre del editor, distribuidor, etc. |
Ediciones casa de las américas, |
| Fecha de publicación, distribución, etc. |
1986. |
| 300 ## - DESCRIPCIÓN FÍSICA |
| Extensión |
400 p. : |
| Otras características físicas |
il., map. ; |
| Dimensiones |
19 cm. |
| 504 ## - NOTA DE BIBLIOGRAFÍA, ETC. |
| Nota de bibliografía, etc. |
Incluye referencias bibliográficas y notas al pie de las páginas |
| 586 ## - NOTA DE PREMIOS |
| Nota de premios |
Casa de las Américas 1986 |
| 650 #4 - PUNTO DE ACCESO ADICIONAL DE MATERIA--TÉRMINO DE MATERIA |
| Término de materia o nombre geográfico como elemento de entrada |
Nacionalismo |
| Subdivisión geográfica |
Perú |
| Subdivisión general |
Historia |
| 9 (RLIN) |
60413 |
| 650 #0 - PUNTO DE ACCESO ADICIONAL DE MATERIA--TÉRMINO DE MATERIA |
| Término de materia o nombre geográfico como elemento de entrada |
Indígenas de América del Sur |
| 9 (RLIN) |
6752 |
| 650 #4 - PUNTO DE ACCESO ADICIONAL DE MATERIA--TÉRMINO DE MATERIA |
| Término de materia o nombre geográfico como elemento de entrada |
Resistencia civil |
| Subdivisión geográfica |
Perú |
| Subdivisión general |
Historia |
| 9 (RLIN) |
60414 |
| 650 #4 - PUNTO DE ACCESO ADICIONAL DE MATERIA--TÉRMINO DE MATERIA |
| Término de materia o nombre geográfico como elemento de entrada |
Indigenas de america del sur |
| Subdivisión geográfica |
Perú |
| Subdivisión general |
Historia |
| 9 (RLIN) |
60415 |
| 650 #4 - PUNTO DE ACCESO ADICIONAL DE MATERIA--TÉRMINO DE MATERIA |
| Término de materia o nombre geográfico como elemento de entrada |
Utopias |
| Subdivisión general |
Andes (región) |
| 9 (RLIN) |
60416 |
| 700 12 - PUNTO DE ACCESO ADICIONAL--NOMBRE DE PERSONA |
| Nombre de persona |
Ramos, César, |
| Término indicativo de función/relación |
ed. |
| 9 (RLIN) |
13341 |
| 910 ## - DATOS DE OPCIÓN DEL USUARIO (OCLC) |
| Datos de opción del usuario |
Validado. Control de calidad MFF |